1636 1587 1777 1385 1999 1128 1344 1514 1563 1902 1973 1820 1075 1701 1125 1727 1916 1268 1258 1063 1206 1515 1752 1611 1778 1639 1266 1200 1534 1926 1449 1421 1966 1058 1344 1481 1313 1101 1025 1380 1224 1552 1478 1832 1654 1672 1410 1468 1784 1600 1649 1679 1077 1026 1492 1906 1426 1207 1209 1917 1797 1967 1683 1583 1963 1595 1264 1572 1053 1445 1004 1263 1808 1335 1510 1881 1840 1513 1282 1990 1278 1855 1857 1885 1024 1456 1679 1460 1189 1503 1046 1005 1231 1409 1614 1758 1982 1434 1039 BCNSPRNW ULIB Ver.6.0+V

เปลี่ยนเป็นภาษาไทย

Change to English
 แสดงรายละเอียดบรรณานุกรม
  กลับหน้าหลัก

Brief Record : Get Marc (ISO 2709) : E-mail record : QR code < ปิดหน้าต่าง
LEADER : 00000nam 2200000uu 4500
001    13399128006
003     ULIB
008    020711s2564 th a 000 0 tha d
020    ^a9786169353225
060    ^aWG210^bค695
110    ^aบริษัทกรุงเทพดุสิตเวชการ จำกัด (มหาชน)
245    ^aคู่มือเวชศาสตร์ป้องกันโรคหัวใจ
250    ^aพิมพ์ครั้งที่ 1
260    ^aกรุงเทพฯ :^bบริษัทกรุงเทพดุสิตเวชการ จำกัด (มหาชน),^c2564
300    ^a215 หน้า;^b30 ซม.
650    ^aโรคหัวใจ^xการป้องกัน
945    ^p0^l0^i008587
999    ^aประนอม เกษจรัล
รายการนี้ยังไม่มีแท็ก
คุณยังไม่ได้ล็อกอิน คุณสามารถมีกิจกรรมร่วมกับเว็บไซต์ได้ แต่ต้องล็อกอินก่อน ::
  ล็อกอิน

รายการสื่อสารสนเทศ

ลำดับที่ ประเภท เลขเรียก/บาร์โค้ด สถานที่ สถานะ
1. วิทยาศาสตร์การแพทย์ และสุขภาพ
หนังสือสำรอง
สถานะ=หนังสือสำรอง
WG210 ค695 ฉ.1 
  Barcode: 008587
ห้องสมุดวิทยาเขตสวรรค์ประชารักษ์
►หนังสือทั่วไป
บนชั้น

BibComment


ยังไม่เคยถูกคอมเมนท์

คอมเมนท์ทรัพยากรรายการนี้
  คอมเมนท์: คู่มือเวชศาสตร์ป..


 Copyright 2026. Bcnsprnw @Library